Statystyki dla ROZPOZNAJ MIASTO PO FLADZE

Kliknij tutaj aby rozwiązać quiz!

Ogólne statystyki

  • Ten quiz został rozwiązany 12 razy
  • Średni wynik to 7 z 16

Statystyki odpowiedzi

Odpowiedź% Poprawnych
WROCŁAW
100%
WARSZAWA
91%
GDYNIA
82%
ŁÓDŹ
82%
POZNAŃ
64%
OLSZTYN
36%
ZAKOPANE
36%
ZIELONA GÓRA
36%
ELBLĄG
27%
ZABRZE
27%
HEL
18%
OŁAWA
18%
OSTRÓW WIELKOPOLSKI
18%
TYCHY
18%
WAŁBRZYCH
18%
ZGORZELEC
9%

Rozkład punktacji

Percentyl według liczby udzielonych odpowiedzi

Procent ludzi z każdym wynikiem

Twoja historia wyników

Nie rozwiązałeś tego quizu